000 00841 a2200229 4500
999 _c1385
_d1385
020 _a0821361813 (v. 1)
020 _a0821363484 (v. 2)
050 0 0 _aHC59.7ANA 2005
100 _aCoudouel Aline
_eeditor
245 0 0 _aAnalyzing the distributional impact of selected reforms /
_cedited by Aline Coudouel, Stefano Paternostro.
264 _aWashington:
_bThe World bank.,
_c2005
300 _av. <1-2 > :
_bill. ;
500 _alncludes index
504 _aIncludes bibliographical references.
650 0 _aPoverty
651 0 _aDeveloping countries
700 1 _aCoudouel, Aline.
700 1 _aPaternostro, Stefano.
710 2 _aWorld Bank.
942 _2lcc
_cBK
_h59.7
_iANA
_kHC